Medizin-Quiz 6 - Statistiken

Allgemein
  • Dieses Quiz wurde 783 mal gespielt
  • Das Durchschnittsergebnis liegt bei 9 aus 15
Antwortstatistiken
Beschreibung Begriff % Korrekt
inneres Organ, das im menschlichen Körper zweimal vorkommt und den Wasser- bzw. Elektrolythaushalt regelt Niere
88%
mit dem Brustbein verbundene, paarweise angeordnete Knochen Rippen
84%
schwerster Grad der Bewusstlosigkeit, nicht zu verwechseln mit dem künstlichen Tiefschlaf Koma
82%
bildet zusammen mit dem Gehirn das zentrale Nervensystem, bei Durchtrennung können Lähmungen die Folge sein Rückenmark
82%
Reflex, durch den die Lunge von Keim-, Schad- und Fremdstoffen gereinigt wird Husten
79%
Schlauch, mit welchem die Harnblase entleert werden kann Katheter
78%
Chromosomenstörung, die durch ein zusätzliches Chromosom 21 hervorgerufen wird, Folge: intellektuelle Beeinträchtigung, körperliche Anomalien Down-Syndrom
77%
Teilgebiet der Medizin, das sich mit Erkrankungen von Kindern und Jugendlichen befasst Pädiatrie
74%
höchst gefährliche Viruskrankheit, die ihren Ursprung in Afrika hat sowie mit hohem Fieber, Durchfall sowie Blutungen im Magen-Darm-Trakt einhergeht Ebola
59%
Fachbegriff für die Blutplättchen Thrombozyten
53%
Wahrnehmungsstörung, die sich akustisch, optisch oder sogar olfaktorisch äußert, kann nach dem Konsum von LSD, Tollkirschen und in extremen Fällen auch Cannabis auftreten Halluzination
51%
Fachbegriff für Vergiftung Intoxikation
46%
dieser Begriff gibt in Prozent an, wie viel Hämoglobin mit Sauerstoffmolekülen beladen ist Sauerstoffsättigung
37%
Bestandteil von manchen Wund- und Heilsalben, der dazu beiträgt, dass die Wunde austrocknet Zink
30%
schmerzhafte eitrige Hautentzündung mit einem stark geröteten, prallen Entzündungsherd, im Gegensatz zu einem normalen Pickel bildet sich der mit Eiter gefüllte Hohlraum deutlich tiefer Furunkel
13%
Keine übereinstimmenden Quizze gefunden
Verteilung der Resultate
Anzahl Personen mit jedem Resultat
Perzentil nach korrekt beantworteten Fragen
Ihre Resultats-Entwicklung
Sie haben dieses Quiz noch nicht gespielt